<?xml version="1.0" encoding="UTF-8"?>
<record
    xmlns:xsi="http://www.w3.org/2001/XMLSchema-instance"
    xsi:schemaLocation="http://www.loc.gov/MARC21/slim http://www.loc.gov/standards/marcxml/schema/MARC21slim.xsd"
    xmlns="http://www.loc.gov/MARC21/slim">

  <leader>02534nam a2200313 a 4500</leader>
  <controlfield tag="001">ASIN0470746629</controlfield>
  <controlfield tag="003">OSt</controlfield>
  <controlfield tag="005">20180116192408.0</controlfield>
  <controlfield tag="008">120329s2010    xxu    |      00| 0 eng d</controlfield>
  <datafield tag="020" ind1=" " ind2=" ">
    <subfield code="a">0470746629 (paperback)</subfield>
    <subfield code="c">$40.00</subfield>
  </datafield>
  <datafield tag="020" ind1=" " ind2=" ">
    <subfield code="a">9780470746622 (paperback)</subfield>
  </datafield>
  <datafield tag="040" ind1=" " ind2=" ">
    <subfield code="c">0</subfield>
  </datafield>
  <datafield tag="082" ind1=" " ind2=" ">
    <subfield code="a">720.47 ECO 2010</subfield>
  </datafield>
  <datafield tag="245" ind1="1" ind2="0">
    <subfield code="a">Ecoredux :</subfield>
    <subfield code="b">design remedies for an ailing planet /</subfield>
    <subfield code="c">Kallipoliti Lydia.</subfield>
  </datafield>
  <datafield tag="250" ind1=" " ind2=" ">
    <subfield code="a">1st ed.</subfield>
  </datafield>
  <datafield tag="260" ind1=" " ind2=" ">
    <subfield code="a">London :</subfield>
    <subfield code="b">Wiley;</subfield>
    <subfield code="c">2010.</subfield>
  </datafield>
  <datafield tag="300" ind1=" " ind2=" ">
    <subfield code="a">136 p. :</subfield>
    <subfield code="c">28 cm.</subfield>
  </datafield>
  <datafield tag="440" ind1=" " ind2=" ">
    <subfield code="a">Architectural design ;</subfield>
    <subfield code="n">v. 80, no. 6</subfield>
    <subfield code="9">661</subfield>
  </datafield>
  <datafield tag="490" ind1="1" ind2=" ">
    <subfield code="a">Profile ;</subfield>
    <subfield code="v">no. 208</subfield>
  </datafield>
  <datafield tag="520" ind1=" " ind2=" ">
    <subfield code="a">This issue of AD explores the remarkable resurgence of ecological strategies in architectural imagination. As a symptom of a new sociopolitical reality inundated with environmental catastrophes, sudden climatic changes, garbage-packed metropolises and para-economies of non-recyclable e-waste, environmental consciousness and the image of the earth re-emerges, after the 1960s, as an inevitable cultural armature for architects; now faced with the urgency to heal an ill-managed planet that is headed towards evolutionary bankruptcy. At present though, in a world that has suffered severe loss of resources, the new wave of ecological architecture is not solely directed to the ethics of the world's salvation, yet rather upraises as a psycho-spatial or mental position, fuelling a reality of change, motion and action. Coined as &#x2018;EcoRedux', this position differs from utopia in that it does not explicitly seek to be right; it recognises pollution and waste as generative potentials for design. In this sense, projects that may appear at first sight as science-fictional are not part of a foreign sphere, unassociated with the real, but an extrusion of our own realms and operations. Contributors include: Matthias Hollwich and Marc Kushner (HWKN), Fabiola L&#xF3;pez-Dur&#xE1;n and Nikki Moore, Anthony Vidler and Mark Wigley. Featured architects: Anna Pla Catal&#xE1;, Jonathan Enns, Eva Franch-Gilabert. Mitchell Joachim (Terreform One), Fran&#xE7;ois Roche (R&amp;Sie(n)), Rafi Segal, Alexandros Tsamis and Eric Vergne.</subfield>
  </datafield>
  <datafield tag="650" ind1=" " ind2=" ">
    <subfield code="a">Architecture</subfield>
    <subfield code="y">Environmental aspects</subfield>
    <subfield code="9">662</subfield>
  </datafield>
  <datafield tag="650" ind1=" " ind2=" ">
    <subfield code="a">Sustainable architecture</subfield>
    <subfield code="9">663</subfield>
  </datafield>
  <datafield tag="650" ind1=" " ind2=" ">
    <subfield code="a">Environmentalism</subfield>
    <subfield code="9">664</subfield>
  </datafield>
  <datafield tag="700" ind1="1" ind2=" ">
    <subfield code="a">Lydia, Kallipoliti.</subfield>
    <subfield code="9">665</subfield>
  </datafield>
  <datafield tag="830" ind1=" " ind2="0">
    <subfield code="a">Architectural design.</subfield>
    <subfield code="9">666</subfield>
  </datafield>
  <datafield tag="856" ind1="4" ind2="0">
    <subfield code="3">Amazon.com</subfield>
    <subfield code="u">http://www.amazon.com/exec/obidos/ASIN/0470746629/chopaconline-20</subfield>
  </datafield>
  <datafield tag="942" ind1=" " ind2=" ">
    <subfield code="2">ddc</subfield>
    <subfield code="c">BK</subfield>
  </datafield>
  <datafield tag="999" ind1=" " ind2=" ">
    <subfield code="c">353454</subfield>
    <subfield code="d">353454</subfield>
  </datafield>
  <datafield tag="952" ind1=" " ind2=" ">
    <subfield code="0">0</subfield>
    <subfield code="1">0</subfield>
    <subfield code="2">ddc</subfield>
    <subfield code="4">0</subfield>
    <subfield code="7">0</subfield>
    <subfield code="a">SADA</subfield>
    <subfield code="b">SADA</subfield>
    <subfield code="d">2012-03-28</subfield>
    <subfield code="l">2</subfield>
    <subfield code="m">3</subfield>
    <subfield code="o">720.47 ECO 2010</subfield>
    <subfield code="p">SADA0001646</subfield>
    <subfield code="r">2013-05-15</subfield>
    <subfield code="s">2013-05-08</subfield>
    <subfield code="v">3506.00</subfield>
    <subfield code="w">2012-04-02</subfield>
    <subfield code="y">BK</subfield>
  </datafield>
</record>
